| 000 | 01185cab a2200217 4500 | ||
|---|---|---|---|
| 001 | ABS41695 | ||
| 008 | 090401t1989 xxu||||| |||| 00| 0 eng d | ||
| 035 | _a(Sirsi) u31799 | ||
| 041 | _aeng | ||
| 100 | _aAtkinson, G. | ||
| 245 | 4 | _aThe `new approach` construction products directive: its longer term implications for European architects and structural designers | |
| 260 | _c1989 | ||
| 350 | _a0 | ||
| 490 |
_aStructural Survey _v8(2) Autumn 1989, 134-145(12) |
||
| 520 | _aThis paper examines in detail the EEC Directive on Construction Products due to come into operation in June 1991 and its implications for those involved in building design . Considers the essential requirements for health, safety , the environment and energy conservation , the status of Eurocodes , European Standards , EC Conformity Mark , European Technical Approvals and the different national traditions in building regulations . Finally discusses the shorter and longer term implications of the Directive for both the public and private sectors. References. | ||
| 650 | _aBUILDING INDUSTRY | ||
| 650 | _aSINGLE MARKET | ||
| 690 | _aEUROPE-SINGLE MARKET | ||
| 942 | _n0 | ||
| 948 | _c04/03/1997 | ||
| 999 |
_c21346 _d21346 |
||